| 000 | 00848nam a2200241Ia 4500 | ||
|---|---|---|---|
| 003 | OSt | ||
| 005 | 20220923210949.0 | ||
| 006 | a|||||r|||| 00| 0 | ||
| 007 | ta | ||
| 008 | 220922b |||||||| |||| 00| 0 urd d | ||
| 020 |
_a8126010142 (hbk) _c100 |
||
| 024 | _a290,095 | ||
| 037 |
_b1031, 18/03/2016, H.K. Prakashan _cTextual |
||
| 040 |
_aARTS _cARTS _burd |
||
| 041 |
_2urd _aurd |
||
| 082 | _aO168,1M96x, 153P0 | ||
| 100 |
_aਕਾਸਮੀ, ਅਬੁਲ ਕਲਾਮ _9156600 |
||
| 245 | 0 | _aਚੋਣਵੀ ਰਚਨਾ ਖ਼ਿਰਾਕ ਗੋਰਖਪੁਰੀ | |
| 260 |
_aਦਿੱਲੀ _b ਸਾਹਿਤ ਅਕਾਦਮੀ _c2000 |
||
| 300 |
_a260ਪੰ _ccm. |
||
| 942 |
_hO168,1M96x, 153P0 _cTEXL _2CC |
||
| 999 |
_c293228 _d293228 |
||